Statistics for American Airlines Fleet

Click here to take the quiz!

General Stats

  • This quiz has been taken 128 times
  • The average score is 10 of 16

Answer Stats

SeatsModel% Correct
150Airbus A320
94%
181-187Airbus A321
87%
304Boeing 777-300ER
85%
160-172Boeing 737-800
83%
128Airbus A319
82%
273Boeing 777-200
82%
285Boeing 787-9
76%
234Boeing 787-8
73%
172Boeing 737 MAX
61%
76-79Bombardier CRJ-900
49%
65-76Bombardier CRJ-700
48%
196Airbus A321neo
45%
50Embraer ERJ-145
34%
76Embraer ERJ-175
32%
44Embraer ERJ-140
20%
102Airbus A321 Transcon
6%

Score Distribution

Percentile by Number Answered

Percent of People with Each Score

Your Score History

You have not taken this quiz